Studium des Einflusses einiger Stoffe auf die Gleitfähigkeit der Granulate

Bibliographic Details
Main Authors: Malý, Josef (Author), Melichar, Miloš (Author)
Format: Article
Language:German

MARC

LEADER 00000nab a2200000uu 4500
001 vtls011539144
003 SK-MaSNL
005 20260303154542.0
008 230222|1959 xo |||||||||||||||||ger|
015 |a SNBRB 
035 |a (urnnbn)urn:nbn:sk:snk:ar-a09pzm 
035 |a (uuid)16913aac-9eed-4bfd-8506-8cfe3e425c4f 
035 |a urn:nbn:sk:snk-abexop 
040 |a SNKBUCL  |b slo  |c SNKBUCL  |e AACR2 
041 0 |a ger 
044 |a xo  |c SK 
100 1 |a Malý, Josef  |4 aut  |9 397679 
245 1 0 |a Studium des Einflusses einiger Stoffe auf die Gleitfähigkeit der Granulate  |c Josef Malý, Miloš Melichar 
700 1 |a Melichar, Miloš  |4 aut  |9 307680 
773 0 |t Acta Facultatis Pharmaceuticae Brunensis et Bratislaviensis  |g Roč. 2, č. 2 (1959), s. 165-211 
958 |a OND 
958 |a EUIPO 
958 |a article22 
999 |c 2035021  |d 2036951